Statistiche per Podi italiani ai Giochi Olimpici Invernali di Pechino 2022

Clicka qui per fare il quiz!

Statistiche generali

  • Questo quiz è stato fatto 21 volte
  • Il punteggio medio è 19 su 27

Statistiche sulle risposte

MetalloSportSpecialitàM/FNome% Corretto
ArgentoSci alpinoSlalom giganteFFederica Brignone
100%
BronzoSci alpinoCombinata alpinaFFederica Brignone
100%
ArgentoSci alpinoDiscesa liberaFSofia Goggia
100%
BronzoBiathlon7,5 km sprintFDorothea Wierer
94%
OroShort Track500 mFArianna Fontana
89%
ArgentoShort track2000 m staffetta mistaFArianna Fontana
89%
ArgentoShort track1500 m FArianna Fontana
89%
ArgentoSci di fondoSprintMFederico Pellegrino
83%
BronzoPattinaggio di velocitàMass startFFrancesca Lollobrigida
83%
ArgentoPattinaggio di velocità3000 mFFrancesca Lollobrigida
83%
ArgentoSnowboardSnowboard cross a squadreFMichela Moioli
83%
BronzoSlittinoSingoloMDominik Fischnaller
78%
OroCurlingDoppio mistoMAmos Mosaner
72%
ArgentoShort track2000 m staffetta mistaFMartina Valcepina
72%
BronzoSci alpinoDiscesa liberaFNadia Delago
72%
ArgentoShort track2000 m staffetta mistaFArianna Valcepina
67%
ArgentoSnowboardSnowboard cross a squadreMOmar Visintin
67%
BronzoSnowboardSnowboard crossMOmar Visintin
67%
BronzoShort track5000 m staffettaMPietro Sighel
67%
ArgentoShort track2000 m staffetta mistaMPietro Sighel
67%
OroCurlingDoppio mistoFStefania Constantini
67%
BronzoPattinaggio di velocità10000 mMDavide Ghiotto
50%
ArgentoShort track2000 m staffetta mistaMYuri Confortola
39%
BronzoShort track5000 m staffettaMYuri Confortola
39%
BronzoShort track5000 m staffettaMTommaso Dotti
28%
BronzoShort track5000 m staffettaMAndrea Cassinelli
22%
ArgentoShort track2000 m staffetta mistaMAndrea Cassinelli
22%

Distribuzione punteggi

Percentile per numero di risposta

Percentuale di utenti per punteggio

I tuoi punteggi nel tempo

Non hai fatto questo quiz